Maya: Guatemala, Honduras y Yucatan
Saved in:
| Main Author: | |
|---|---|
| Format: | Book |
| Language: | Spanish |
| Published: |
Barcelona
Garriga
1964
|
| Series: | Arquitectura Universal
|
| Subjects: | |
| Tags: |
Add Tag
No Tags, Be the first to tag this record!
|
MARC
| LEADER | 00000nam a2200000 a 4500 | ||
|---|---|---|---|
| 001 | UCV8019 | ||
| 003 | CL-VaPUC | ||
| 008 | 900411e19640000SP |||||||||||||||||spa|d | ||
| 082 | 0 | 4 | |a 720.9728 |b STI |2 21 |
| 100 | 0 | |a Stierlin, Henri |e author |9 302102 | |
| 245 | 1 | 0 | |a Maya: Guatemala, Honduras y Yucatan |
| 300 | |a 192 p | ||
| 942 | |c BK | ||
| 945 | |d 19900411 00:00:00 |a oaravena | ||
| 260 | |a Barcelona |b Garriga |c 1964 | ||
| 650 | 0 | |a Arquitectura maya |9 265008 | |
| 583 | |a last modification |c 19900411 00:00:00 |k Rodrigo Vera | ||
| 490 | 0 | |a Arquitectura Universal | |
| 999 | |c 213610 |d 213608 | ||
| 952 | |0 0 |1 0 |4 0 |6 720_972800000000000_STI_1964 |7 0 |8 R |9 196147 |a BIBARQ |b BIBARQ |d 2019-11-14 |i 2640678 |o 720.9728 STI 1964 |p 2640678 |r 2025-01-20 |w 2019-11-14 |y BK_R |k ARQ | ||
| 952 | |0 0 |1 0 |4 0 |6 720_972800000000000_STI_1964 |7 0 |8 R |9 196148 |a BIBARQ |b BIBARQ |d 2019-11-14 |i 3073955 |o 720.9728 STI 1964 |p 3073955 |r 2025-01-20 |w 2019-11-14 |y BK_R |k ARQ | ||